| 000 | 00520cam a2200205ua 4500 | ||
|---|---|---|---|
| 041 |
_aeng _h |
||
| 082 |
_a631.45 _bFOS/AP |
||
| 100 | _aFoster, Albert B . | ||
| 245 |
_aApproved practices in soil Conservation / _cB Albert Foster. _hTextual Documents |
||
| 250 |
_a2 / _b. |
||
| 260 |
_a : _bOxford & IBH Publishing company , _c1965. |
||
| 300 | _a384 ; . | ||
| 504 | _a | ||
| 942 | _cBK | ||
| 999 |
_c2906 _d2906 |
||